Dr. S. R. Lasker Library Online Catalogue

Home      Library Home      Institutional Repository      E-Resources      MyAthens      EWU Home

FPGA-based system design / (Record no. 4696)

MARC details
000 -LEADER
fixed length control field 01244nam a2200337 a 4500
001 - CONTROL NUMBER
control field 4696
003 - CONTROL NUMBER IDENTIFIER
control field BD-DhEWU
005 - DATE AND TIME OF LATEST TRANSACTION
control field 20140527125550.0
008 - FIXED-LENGTH DATA ELEMENTS--GENERAL INFORMATION
fixed length control field 091104s2004 ii a 001 0 eng|d
020 ## - INTERNATIONAL STANDARD BOOK NUMBER
International Standard Book Number 9780137033485 (pbk.)
International Standard Book Number 0137033486 (pbk.)
035 ## - SYSTEM CONTROL NUMBER
System control number (OCLC) 56056578
040 ## - CATALOGING SOURCE
Original cataloging agency StDuBDS
Language of cataloging eng
Transcribing agency StDuBDS
Modifying agency BD-DhEWU
041 ## - LANGUAGE CODE
Language code of text/sound track or separate title eng
082 04 - DEWEY DECIMAL CLASSIFICATION NUMBER
Classification number 621.395
Edition number 22
Item number WOF 2004
100 1# - MAIN ENTRY--PERSONAL NAME
Personal name Wolf, Marilyn,
9 (RLIN) 10040
245 10 - TITLE STATEMENT
Title FPGA-based system design /
Statement of responsibility, etc Wayne Wolf.
260 ## - PUBLICATION, DISTRIBUTION, ETC. (IMPRINT)
Place of publication, distribution, etc Englewood Cliffs, N.J. :
-- India :
Name of publisher, distributor, etc PTR Prentice Hall,
Date of publication, distribution, etc c2004.
300 ## - PHYSICAL DESCRIPTION
Extent xv, 530 p. :
Other physical details ill. ;
Dimensions 26 cm.
490 1# - SERIES STATEMENT
Series statement Prentice Hall modern semiconductor design series
500 ## - GENERAL NOTE
General note "ISE student edition, version 4.2i"--Disc label.
504 ## - BIBLIOGRAPHY, ETC. NOTE
Bibliography, etc Includes bibliographical references and index.
526 ## - STUDY PROGRAM INFORMATION NOTE
Program name EEE
590 ## - LOCAL NOTE (RLIN)
Local note Shaharima Parvin
650 #0 - SUBJECT ADDED ENTRY--TOPICAL TERM
Topical term or geographic name as entry element Field programmable gate arrays.
9 (RLIN) 10041
Topical term or geographic name as entry element System design.
9 (RLIN) 10042
Topical term or geographic name as entry element Integrated circuits
General subdivision Very large scale integration.
9 (RLIN) 10043
830 #0 - SERIES ADDED ENTRY--UNIFORM TITLE
Uniform title Prentice Hall modern semiconductor design series
9 (RLIN) 10089
856 ## - ELECTRONIC LOCATION AND ACCESS
Materials specified WorldCat details
Uniform Resource Identifier http://www.worldcat.org/title/fpga-based-system-design/oclc/56056578&referer=brief_results
942 ## - ADDED ENTRY ELEMENTS (KOHA)
Source of classification or shelving scheme Dewey Decimal Classification
Koha item type Text
Holdings
Withdrawn status Lost status Source of classification or shelving scheme Damaged status Not for loan Collection code Home library Current library Shelving location Date acquired Source of acquisition Cost, normal purchase price Total Checkouts Full call number Barcode Copy number Koha item type Date last seen Date checked out Price effective from
    Dewey Decimal Classification     Non-fiction Dr. S. R. Lasker Library, EWU Dr. S. R. Lasker Library, EWU Circulation Section 23/03/2006 Karim International 630.00   621.395 WOF 2004 17554 C-4 Text      
    Dewey Decimal Classification     Non-fiction Dr. S. R. Lasker Library, EWU Dr. S. R. Lasker Library, EWU Circulation Section 23/03/2006 Karim International 630.00   621.395 WOF 2004 17555 C-5 Text      
    Dewey Decimal Classification   Not For Loan Non-fiction Dr. S. R. Lasker Library, EWU Dr. S. R. Lasker Library, EWU Reserve Section 24/02/2006 Smart Books 592.00   621.395 WOF 2004 17283 C-1 Text      
    Dewey Decimal Classification   Not For Loan Non-fiction Dr. S. R. Lasker Library, EWU Dr. S. R. Lasker Library, EWU Reserve Section 24/02/2006 Smart Books 592.00   621.395 WOF 2004 17284 C-2 Text      
    Dewey Decimal Classification     Non-fiction Dr. S. R. Lasker Library, EWU Dr. S. R. Lasker Library, EWU Circulation Section 23/03/2006 Karim International 630.00 1 621.395 WOF 2004 17553 C-3 Text 12/01/2014 11/09/2013  
    Dewey Decimal Classification     Non-fiction Dr. S. R. Lasker Library, EWU Dr. S. R. Lasker Library, EWU Audio Visual 23/03/2006 Karim International     621.395 WOF 2004 CD-930 C-5 CDs & DVDs 03/12/2014   03/12/2014
    Dewey Decimal Classification     Non-fiction Dr. S. R. Lasker Library, EWU Dr. S. R. Lasker Library, EWU Audio Visual 23/03/2006 Karim International     621.395 WOF 2004 CD-926 C-1 CDs & DVDs 03/12/2014   03/12/2014
    Dewey Decimal Classification     Non-fiction Dr. S. R. Lasker Library, EWU Dr. S. R. Lasker Library, EWU Audio Visual 23/03/2006 Karim International     621.395 WOF 2004 CD-928 C-3 CDs & DVDs 03/12/2014   03/12/2014
    Dewey Decimal Classification     Non-fiction Dr. S. R. Lasker Library, EWU Dr. S. R. Lasker Library, EWU Audio Visual 23/03/2006 Karim International     621.395 WOF 2004 CD-927 C-2 CDs & DVDs 03/12/2014   03/12/2014
    Dewey Decimal Classification     Non-fiction Dr. S. R. Lasker Library, EWU Dr. S. R. Lasker Library, EWU Audio Visual 23/03/2006 Karim International     621.395 WOF 2004 CD-929 C-4 CDs & DVDs 03/12/2014   03/12/2014